000 00461nam a2200145 i 4500
001 50038
003 ES-MaACL
005 20230906162116.0
007 t|
008 030729s1974 sp ||||1| spa d
245 0 3 _aLa crisis de la agricultura tradicional en España
_b: (la nueva empresa agraria).
260 _aMadrid :
_bCentro de Estudios Sociales del Valle de los Caídos,
_c1974.
300 _aXXX, 372 p. ;
_c23 cm.
852 _aES-MaACL
_jC-56585
_bR.89327
999 _c50038
_d50038